00635 2200217 4500001002100000005001500021035002000036007000300056008004100059020002200100082000800122084001400130100002300144245010400167260004500271300003100316650002100347700002700368990001100395990001100406INLIS00000000000210820180724094426 a0010-0718000060ta180724 g 0 ind  a978-602-03-1106-7 a745 a745 HAS s0 aHASIBUAN, Nuraisah1 aSarung Bantal Cantik Berbahan Belacu dan Flanel /cNuraisah Hasibuan; editor, Petra Aquina Budiarti aJakarta :bGramedia Pustaka Utama,c2014 a73 hlm. :bilus. ;c23 cm. aKERAJINAN TANGAN0 aPETRA, Aquina Budiarti a16750a a16750b